[Event "XXXI Torneo Internacional de A"]
[Site "Las Palmas de Gran Canaria"]
[Date "2010.12.07"]
[Round "8"]
[White "Gutierrez Olivares, Daniel"]
[Black "Ortega Hermida, Daniel"]
[Result "0-1"]
[WhiteElo "2182"]
[BlackElo "2387"]
[PlyCount "130"]
[EventDate "2010.12.02"]
[EventRounds "9"]
[EventCountry "ESP"]

1. c4 e6 2. Nc3 d5 3. e3 Nf6 4. b3 c5 5. Bb2 d4 6. exd4 cxd4 7. Nb5 Nc6 8. Nf3
e5 9. Nxe5 Nxe5 10. Qe2 Qe7 11. Bxd4 a6 12. Bxe5 axb5 13. cxb5 Qe6 14. g3 Be7
15. Bg2 O-O 16. Bc3 Nd5 17. Qxe6 Bxe6 18. O-O Rac8 19. a4 b6 20. Bxd5 Bxd5 21.
b4 Bf6 22. Rfc1 Bc4 23. Bxf6 gxf6 24. Rc3 Be6 25. Rac1 Ra8 26. Ra1 Bd7 27. Raa3
Rfe8 28. Rd3 Bh3 29. Re3 Rec8 30. Rec3 Bd7 31. Rd3 Be6 32. Rd6 Rab8 33. Rc3 Rd8
34. Rxd8+ Rxd8 35. a5 Ra8 36. axb6 Rb8 37. Rc6 Kf8 38. Kf1 Kg7 39. Rd6 Bc4+ 40.
d3 Bxb5 41. Ke2 Re8+ 42. Kd2 Ba6 43. Rc6 Re6 44. b5 Bb7 45. Rc5 Rxb6 46. d4 Kf8
47. Kc3 Be4 48. d5 Ke7 49. Kd4 Kd6 50. Rc6+ Rxc6 51. dxc6 Bg2 52. Kc4 Bf1+ 53.
Kb4 Be2 54. Ka5 Kc7 55. Ka6 h5 56. h4 Bd3 57. Ka5 Bf1 58. Ka6 f5 59. Ka5 Bd3
60. Ka6 Be2 61. Ka5 Bf3 62. Ka6 Bxc6 63. bxc6 Kxc6 64. f3 f4 65. g4 hxg4 0-1

[Event "XXXI Torneo Internacional de A"]
[Site "Las Palmas de Gran Canaria"]
[Date "2010.12.07"]
[Round "8"]
[White "Camino Carrio, Nicanor"]
[Black "Brito Garcia, Alfredo"]
[Result "1-0"]
[WhiteElo "2138"]
[BlackElo "2337"]
[PlyCount "41"]
[EventDate "2010.12.02"]
[EventRounds "9"]
[EventCountry "ESP"]

1. e4 d6 2. d4 Nf6 3. Nc3 e5 4. Nf3 Nbd7 5. Bc4 Be7 6. O-O O-O 7. Re1 c6 8. a4
b6 9. Ba2 Bb7 10. Bg5 h6 11. Bh4 Qc7 12. Bg3 a6 13. Nh4 Rfe8 14. dxe5 dxe5 15.
Qf3 Bb4 16. Re3 Nf8 17. Nf5 Kh7 18. Nxh6 Bc8 19. Nf5 g6 20. Bh4 Ng8 21. Bd8 1-0

[Event "XXXI Torneo Internacional de A"]
[Site "Las Palmas de Gran Canaria"]
[Date "2010.12.07"]
[Round "8"]
[White "Menvielle Laccourreye, Augusto"]
[Black "Morales Quintero, Jose Miguel"]
[Result "1-0"]
[WhiteElo "2262"]
[BlackElo "2097"]
[PlyCount "65"]
[EventDate "2010.12.02"]
[EventRounds "9"]
[EventCountry "ESP"]

1. e4 d6 2. d4 Nf6 3. f3 Nbd7 4. Bc4 e5 5. c3 Be7 6. Ne2 c6 7. Bb3 Nb6 8. O-O
Be6 9. Bxe6 fxe6 10. Qb3 Qd7 11. a4 d5 12. dxe5 Nh5 13. g4 g6 14. gxh5 gxh5 15.
exd5 Bc5+ 16. Kh1 exd5 17. e6 Qg7 18. Nd4 Rg8 19. Qc2 O-O-O 20. Na3 h4 21. Be3
h3 22. Rg1 Qe5 23. Qf2 Bd6 24. Rxg8 Rxg8 25. Rg1 Rg2 26. Rxg2 hxg2+ 27. Kxg2
Qxh2+ 28. Kf1 Qh1+ 29. Qg1 Qxg1+ 30. Kxg1 Nxa4 31. Nf5 Bxa3 32. bxa3 Nxc3 33.
Nd6+ 1-0

[Event "XXXI Torneo Internacional de A"]
[Site "Las Palmas de Gran Canaria"]
[Date "2010.12.07"]
[Round "8"]
[White "Rodriguez Melian, Jose Luis"]
[Black "Gonzalez Garcia, Guillermo W"]
[Result "1-0"]
[WhiteElo "2103"]
[BlackElo "2218"]
[PlyCount "65"]
[EventDate "2010.12.02"]
[EventRounds "9"]
[EventCountry "ESP"]

1. d4 Nf6 2. c4 d6 3. Nc3 g6 4. e4 Bg7 5. h3 O-O 6. Be3 e5 7. d5 Kh8 8. Bd3 a6
9. Nge2 c6 10. g4 b5 11. Qd2 Bb7 12. dxc6 Nxc6 13. f3 Ne7 14. b3 Qa5 15. Nd5
Qxd2+ 16. Kxd2 Bxd5 17. cxd5 Rfc8 18. Rac1 Nd7 19. Rxc8+ Rxc8 20. Rc1 Nc5 21.
b4 Nxd3 22. Rxc8+ Nxc8 23. Kxd3 Bf6 24. Nc3 Bd8 25. a4 bxa4 26. Nxa4 Kg7 27.
Kc4 Kf8 28. b5 axb5+ 29. Kxb5 Ke8 30. Kc6 Ke7 31. Nc3 Ba5 32. Nb5 f6 33. Nxd6
1-0

[Event "XXXI Torneo Internacional de A"]
[Site "Las Palmas de Gran Canaria"]
[Date "2010.12.07"]
[Round "8"]
[White "Galvan Sarmiento, Jose Luis"]
[Black "Garcia Padron, Jose"]
[Result "0-1"]
[WhiteElo "2006"]
[BlackElo "2433"]
[PlyCount "102"]
[EventDate "2010.12.02"]
[EventRounds "9"]
[EventCountry "ESP"]

1. c4 Nf6 2. g3 g6 3. Bg2 d5 4. cxd5 Nxd5 5. Nc3 Nb6 6. d4 Bg7 7. Nf3 O-O 8.
O-O Nc6 9. e3 Bf5 10. a3 a5 11. Qe2 a4 12. Rd1 Na5 13. e4 Bg4 14. d5 Nb3 15.
Rb1 Nd4 16. Qd3 c5 17. Ne2 c4 18. Qe3 Nb3 19. Bd2 Nxd2 20. Rxd2 Nd7 21. Nfd4
Bxe2 22. Qxe2 Qa5 23. Rc1 Rac8 24. Bh3 Rfd8 25. Qe3 Qc5 26. Bf1 Ne5 27. Be2 Qb6
28. Nf5 Qxe3 29. Nxe3 b5 30. f4 Nd7 31. e5 Nc5 32. Rcc2 f6 33. Bg4 Rb8 34. d6
exd6 35. exf6 Bxf6 36. Nd5 Kg7 37. Re2 Re8 38. Nc7 Rxe2 39. Rxe2 Kf7 40. f5 Be5
41. fxg6+ Kxg6 42. Nd5 Nd3 43. Ne7+ Kg5 44. Nc6 Kxg4 45. Nxb8 Bxb2 46. Nd7 Bxa3
47. Nf6+ Kf3 48. Kf1 Bb2 49. Nd5 a3 50. h3 Kxg3 51. Re3+ Kh4 0-1

[Event "XXXI Torneo Internacional de A"]
[Site "Las Palmas de Gran Canaria"]
[Date "2010.12.07"]
[Round "8"]
[White "Vega Gutierrez, Sabrina"]
[Black "Rojas Mirabal, Pedro"]
[Result "1-0"]
[WhiteElo "2342"]
[BlackElo "2000"]
[PlyCount "43"]
[EventDate "2010.12.02"]
[EventRounds "9"]
[EventCountry "ESP"]

1. e4 c6 2. d4 d5 3. Nc3 dxe4 4. Nxe4 Bf5 5. Ng3 Bg6 6. h4 h6 7. N1e2 e5 8.
dxe5 Qa5+ 9. Bd2 Qxe5 10. Bc3 Qe6 11. Qd2 Nd7 12. O-O-O O-O-O 13. Kb1 Ngf6 14.
Nf4 Qe7 15. Nxg6 fxg6 16. Bc4 Nb6 17. Be6+ Nfd7 18. Rhe1 Qxh4 19. Bxd7+ Nxd7
20. Re8 Kc7 21. Be5+ Nxe5 22. Qa5+ 1-0

[Event "XXXI Torneo Internacional de A"]
[Site "Las Palmas de Gran Canaria"]
[Date "2010.12.07"]
[Round "8"]
[White "Henriquez Garcia, David"]
[Black "Alvarado Diaz, Alejandro"]
[Result "1/2-1/2"]
[WhiteElo "1990"]
[BlackElo "2109"]
[PlyCount "60"]
[EventDate "2010.12.02"]
[EventRounds "9"]
[EventCountry "ESP"]

1. e4 Nf6 2. Nc3 d6 3. d4 Nbd7 4. Be2 e5 5. Nf3 Be7 6. O-O O-O 7. Ne1 c6 8. Be3
a6 9. a4 b6 10. f4 Bb7 11. Bf3 c5 12. fxe5 dxe5 13. d5 Ne8 14. Bg4 Ndf6 15. Bh3
Nd6 16. Qf3 Bc8 17. Bxc8 Rxc8 18. Nd3 Nd7 19. g4 Bg5 20. Nd1 Bxe3+ 21. Nxe3 g6
22. Rf2 Qe7 23. Raf1 a5 24. c4 Kh8 25. Qg2 f6 26. b3 Rf7 27. Kh1 Rg8 28. Rg1
Kg7 29. Nf5+ Nxf5 30. gxf5 g5 1/2-1/2

[Event "XXXI Torneo Internacional de A"]
[Site "Las Palmas de Gran Canaria"]
[Date "2010.12.07"]
[Round "8"]
[White "Ramirez Medina, Oscar"]
[Black "Navarro Molina, David"]
[Result "1/2-1/2"]
[WhiteElo "1940"]
[BlackElo "2051"]
[PlyCount "153"]
[EventDate "2010.12.02"]
[EventRounds "9"]
[EventCountry "ESP"]

1. e4 c5 2. g3 e6 3. Bg2 Nc6 4. Nc3 g6 5. Nge2 Bg7 6. d3 Nge7 7. Be3 d6 8. O-O
O-O 9. Qd2 Nd4 10. f4 Rb8 11. g4 f5 12. g5 b5 13. Ng3 b4 14. Nd1 Qc7 15. Rc1
Qa5 16. c3 bxc3 17. bxc3 Nb5 18. e5 dxe5 19. Bxc5 Qc7 20. Be3 exf4 21. Rxf4 e5
22. Rc4 Qd8 23. Bc5 Be6 24. Rb4 Qc7 25. d4 Rfd8 26. Qe2 Nd6 27. Rcb1 Rxb4 28.
Rxb4 e4 29. Qf2 Nc6 30. Rb1 Na5 31. Ne3 Nac4 32. Ngf1 Nxe3 33. Nxe3 Nc4 34.
Nxc4 Bxc4 35. Rb4 Bd3 36. Bf1 Bxf1 37. Qxf1 f4 38. Qc4+ Kh8 39. Qe6 e3 40. Qe4
Qf7 41. Rb7 Re8 42. Rxf7 Rxe4 43. Re7 Rxe7 44. Bxe7 f3 45. Bd6 h6 46. h4 Kg8
47. Bf4 hxg5 48. hxg5 e2 49. Kf2 Bf8 50. Bd2 Be7 51. Kxf3 Bxg5 52. Kxe2 Bf6 53.
Kf3 Kf7 54. d5 Ke7 55. c4 Kd7 56. Bf4 Kc8 57. c5 Kd7 58. c6+ Ke7 59. Kg4 Ke8
60. Bg5 Be5 61. a4 a6 62. Bf4 Bf6 63. Kf3 Ke7 64. Ke4 Bh4 65. Bh2 Bf6 66. Kd3
Bh4 67. Kc4 Bf2 68. d6+ Ke6 69. d7 Bb6 70. Bg1 Bc7 71. Bc5 g5 72. Kd4 g4 73.
Ke4 g3 74. Be3 Kd6 75. Kf5 g2 76. Kf6 Bd8+ 77. Kf7 1/2-1/2

[Event "XXXI Torneo Internacional de A"]
[Site "Las Palmas de Gran Canaria"]
[Date "2010.12.07"]
[Round "8"]
[White "Gonzalez Intelangelo, Gerardo"]
[Black "Monteiro Rodrigues, Carlos"]
[Result "0-1"]
[WhiteElo "2072"]
[BlackElo "1665"]
[PlyCount "64"]
[EventDate "2010.12.02"]
[EventRounds "9"]
[EventCountry "ESP"]

1. g3 e5 2. Bg2 Nf6 3. c4 d5 4. cxd5 Nxd5 5. Nf3 Nc6 6. d3 Be7 7. O-O Bg4 8. h3
Be6 9. a3 Qd7 10. Kh2 O-O 11. b4 Nf6 12. b5 Nd4 13. Nxd4 Qxd4 14. Nc3 Qxc3 15.
Bd2 Qd4 16. Bxb7 Rab8 17. Bc6 Qd8 18. Be3 Qc8 19. Bg2 Nd5 20. Bd2 Rxb5 21. Qa4
Qb8 22. Rac1 Bc5 23. Qe4 Bd6 24. a4 Rb2 25. Rfd1 f5 26. Qh4 f4 27. Be4 Nf6 28.
Bf3 Be7 29. Kg2 Nd5 30. Qh5 Rf5 31. Qg4 Nf6 32. Qh4 g5 0-1

[Event "XXXI Torneo Internacional de A"]
[Site "Las Palmas de Gran Canaria"]
[Date "2010.12.07"]
[Round "8"]
[White "Rodriguez Perez, David"]
[Black "Capote Robayna, Johanna"]
[Result "0-1"]
[WhiteElo "2058"]
[BlackElo "1757"]
[PlyCount "64"]
[EventDate "2010.12.02"]
[EventRounds "9"]
[EventCountry "ESP"]

1. Nf3 c5 2. g3 d5 3. Bg2 Nc6 4. d4 e6 5. O-O Nf6 6. e3 Bd6 7. Qe2 O-O 8. dxc5
Bxc5 9. Rd1 Qe7 10. c4 dxc4 11. Qxc4 Bd7 12. b3 Rac8 13. Bb2 Nb4 14. a3 Bd6 15.
Qh4 Nc2 16. Ra2 e5 17. Nfd2 Be6 18. Rc1 Rfd8 19. Bh3 Bxh3 20. Qxh3 b5 21. Bxe5
Qxe5 22. Raxc2 Rxc2 23. Rxc2 h6 24. Qf1 Qf5 25. Rc1 Bxa3 26. Nxa3 Rxd2 27. Nxb5
Ng4 28. Nd4 Qh5 29. Nf3 Rxf2 30. Rc8+ Kh7 31. Qd3+ f5 32. Qd5 Rf1+ 0-1

[Event "XXXI Torneo Internacional de A"]
[Site "Las Palmas de Gran Canaria"]
[Date "2010.12.07"]
[Round "8"]
[White "Martinez Molina, Jose Juan"]
[Black "Cruz Pino, Adrian"]
[Result "1-0"]
[WhiteElo "1798"]
[BlackElo "1892"]
[PlyCount "97"]
[EventDate "2010.12.02"]
[EventRounds "9"]
[EventCountry "ESP"]

1. e4 Nf6 2. e5 Nd5 3. d4 d6 4. c4 Nb6 5. exd6 cxd6 6. Nc3 g6 7. Be3 Bg7 8. Rc1
O-O 9. Bd3 Nc6 10. Nge2 Nb4 11. b3 Nxd3+ 12. Qxd3 Bf5 13. Qd2 Re8 14. Ng3 Bc8
15. O-O d5 16. c5 Nd7 17. Nxd5 e6 18. Nc3 Qa5 19. Qb2 e5 20. b4 Qd8 21. Rcd1
Qh4 22. Nb5 Re7 23. Qd2 h6 24. Nc7 Rb8 25. Nd5 Re8 26. f4 e4 27. f5 Nf6 28.
Nxf6+ Qxf6 29. fxg6 Qxg6 30. Rf4 h5 31. Rdf1 Re7 32. Nf5 Rc7 33. Nxg7 Kxg7 34.
Rf6 Qg4 35. Bh6+ Kh8 36. R1f4 Qg8 37. Rh4 Bg4 38. Bf4 Re7 39. Rh6+ Kg7 40. Be5+
Rxe5 41. dxe5 e3 42. Qxe3 Qd8 43. Rf6 Qd1+ 44. Kf2 Rd8 45. Rd6 Qc2+ 46. Kg3 Rc8
47. h3 Bd1 48. Qg5+ Kf8 49. Rhd4 1-0

[Event "XXXI Torneo Internacional de A"]
[Site "Las Palmas de Gran Canaria"]
[Date "2010.12.07"]
[Round "8"]
[White "Aguilera Suarez, Antonio"]
[Black "Robaina Bordon, Hector"]
[Result "0-1"]
[WhiteElo "1843"]
[BlackElo "1733"]
[PlyCount "58"]
[EventDate "2010.12.02"]
[EventRounds "9"]
[EventCountry "ESP"]

1. d4 d5 2. Nf3 Nf6 3. h3 c6 4. Bf4 Bf5 5. e3 e6 6. Bd3 Bxd3 7. Qxd3 Ne4 8.
Nbd2 Nxd2 9. Qxd2 Bd6 10. Ne5 O-O 11. g4 c5 12. c3 Nc6 13. Nxc6 bxc6 14. dxc5
Bxc5 15. h4 Bd6 16. Bg5 Qb6 17. h5 Rab8 18. Rb1 Qa6 19. b3 c5 20. h6 g6 21. Bf6
Rfe8 22. Qe2 Qc6 23. O-O e5 24. Bg7 Bf8 25. Bxf8 Kxf8 26. Qf3 e4 27. Qf4 Qe6
28. Rbd1 Rbd8 29. f3 exf3 0-1

[Event "XXXI Torneo Internacional de A"]
[Site "Las Palmas de Gran Canaria"]
[Date "2010.12.08"]
[Round "9"]
[White "Garcia Blanco, Omar"]
[Black "Novoselski, Zoran"]
[Result "1/2-1/2"]
[WhiteElo "2183"]
[BlackElo "2370"]
[PlyCount "22"]
[EventDate "2010.12.02"]
[EventRounds "9"]
[EventCountry "ESP"]

1. Nf3 Nf6 2. g3 g6 3. Bg2 Bg7 4. O-O O-O 5. c4 c6 6. d4 d5 7. cxd5 cxd5 8. Nc3
Nc6 9. Re1 Ne4 10. h3 Nxc3 11. bxc3 Bf5 1/2-1/2

[Event "XXXI Torneo Internacional de A"]
[Site "Las Palmas de Gran Canaria"]
[Date "2010.12.08"]
[Round "9"]
[White "Ortega Hermida, Daniel"]
[Black "Camino Carrio, Nicanor"]
[Result "1/2-1/2"]
[WhiteElo "2387"]
[BlackElo "2138"]
[PlyCount "20"]
[EventDate "2010.12.02"]
[EventRounds "9"]
[EventCountry "ESP"]

1. d4 Nf6 2. Nf3 g6 3. g3 Bg7 4. Bg2 O-O 5. O-O d6 6. c4 Nc6 7. Nc3 a6 8. d5
Na5 9. Nd2 c5 10. Qc2 Rb8 1/2-1/2

[Event "XXXI Torneo Internacional de A"]
[Site "Las Palmas de Gran Canaria"]
[Date "2010.12.08"]
[Round "9"]
[White "Menvielle Laccourreye, Augusto"]
[Black "Rodriguez Melian, Jose Luis"]
[Result "0-1"]
[WhiteElo "2262"]
[BlackElo "2103"]
[PlyCount "138"]
[EventDate "2010.12.02"]
[EventRounds "9"]
[EventCountry "ESP"]

1. d4 Nf6 2. c4 g6 3. Nc3 d5 4. cxd5 Nxd5 5. Bd2 Bg7 6. Nf3 O-O 7. e4 Nb6 8.
Be3 Nc6 9. Be2 Bg4 10. d5 Na5 11. Bd4 Bxf3 12. gxf3 e5 13. Bxb6 cxb6 14. b4 Nc4
15. Bxc4 Rc8 16. Qb3 Qc7 17. Nb5 Qxc4 18. Nxa7 Qxb3 19. axb3 Rc3 20. O-O f5 21.
Kg2 fxe4 22. fxe4 Rf4 23. d6 Rg4+ 24. Kh1 Rh4 25. Ra2 Rd3 26. Nb5 Rxe4 27. Ra8+
Bf8 28. Rc1 Rxb4 29. Rcc8 Rxb5 30. Rxf8+ Kg7 31. Rfb8 Rxd6 32. Rxb7+ Kh6 33.
Rh8 Rxb3 34. Rhxh7+ Kg5 35. Kg2 Rd4 36. Rbc7 Rg4+ 37. Kf1 Rb1+ 38. Ke2 Rb2+ 39.
Ke3 Rb3+ 40. Ke2 Re4+ 41. Kf1 Rb2 42. Rc6 b5 43. Rg7 Rb1+ 44. Kg2 Rg4+ 45. Kf3
Rb3+ 46. Ke2 Kf5 47. Rb6 Rb2+ 48. Ke3 Re4+ 49. Kd3 Rf4 50. Rf7+ Kg5 51. Rxf4
exf4 52. f3 Rb3+ 53. Ke2 Re3+ 54. Kf2 Rb3 55. h4+ Kh5 56. Kg2 b4 57. Rf6 Kxh4
58. Rxf4+ Kg5 59. Rc4 Rb1 60. Kg3 Kf5 61. Rc5+ Ke6 62. Kf4 b3 63. Rc6+ Kf7 64.
Rc7+ Kf6 65. Rc6+ Ke7 66. Rb6 b2 67. Rb3 g5+ 68. Kf5 g4 69. Rb7+ Kd6 0-1

[Event "XXXI Torneo Internacional de A"]
[Site "Las Palmas de Gran Canaria"]
[Date "2010.12.08"]
[Round "9"]
[White "Garcia Padron, Jose"]
[Black "Tatai, Stefano"]
[Result "1-0"]
[WhiteElo "2433"]
[BlackElo "2351"]
[PlyCount "25"]
[EventDate "2010.12.02"]
[EventRounds "9"]
[EventCountry "ESP"]

1. e4 d5 2. exd5 Qxd5 3. Nc3 Qa5 4. d4 c6 5. Nf3 Nf6 6. Bc4 Bg4 7. h3 Bxf3 8.
Qxf3 e6 9. O-O Nbd7 10. Bb3 Bd6 11. Ne4 Nxe4 12. Qxe4 O-O 13. Bxe6 1-0

[Event "XXXI Torneo Internacional de A"]
[Site "Las Palmas de Gran Canaria"]
[Date "2010.12.08"]
[Round "9"]
[White "Hernando Rodrigo, Jose Maria"]
[Black "Vega Gutierrez, Sabrina"]
[Result "0-1"]
[WhiteElo "2315"]
[BlackElo "2342"]
[PlyCount "106"]
[EventDate "2010.12.02"]
[EventRounds "9"]
[EventCountry "ESP"]

1. d4 Nf6 2. Nf3 g6 3. Nc3 d5 4. Bf4 Bg7 5. Qd2 Ne4 6. Nxe4 dxe4 7. Ne5 Nd7 8.
Bh6 O-O 9. Nxd7 Bxh6 10. Qxh6 Qxd7 11. O-O-O Qa4 12. Kb1 Rd8 13. e3 Be6 14. b3
Qa3 15. h4 Bg4 16. Rc1 Rd5 17. Bc4 Ra5 18. b4 Qxb4+ 19. Bb3 Qd6 20. d5 Rd8 21.
f3 exf3 22. gxf3 Bxf3 23. h5 Bxh1 24. hxg6 Qxg6 25. Qxh1 Kh8 26. Rg1 Qf6 27.
Qe4 Rg8 28. Rh1 Rg6 29. Qc4 c6 30. Rf1 Qg7 31. Qb4 Rg1 32. Rxg1 Qxg1+ 33. Kb2
Qg7+ 34. Kb1 Qg1+ 35. Kb2 Qg7+ 36. Kb1 Rxd5 37. Bxd5 cxd5 38. Qxe7 h5 39. Qd8+
Kh7 40. Qxd5 Qg6 41. Kc1 h4 42. Qd7 Qg1+ 43. Kb2 Qf2 44. Qd3+ Kg7 45. e4 Qg3
46. Qd4+ Kh7 47. Qd5 Qf3 48. Qxb7 h3 49. Qe7 Qh5 50. Qxa7 h2 51. a4 h1=Q 52.
Qb7 Qe5+ 53. c3 Kg7 0-1

[Event "XXXI Torneo Internacional de A"]
[Site "Las Palmas de Gran Canaria"]
[Date "2010.12.08"]
[Round "9"]
[White "Monteiro Rodrigues, Carlos"]
[Black "Brito Garcia, Alfredo"]
[Result "0-1"]
[WhiteElo "1665"]
[BlackElo "2337"]
[PlyCount "34"]
[EventDate "2010.12.02"]
[EventRounds "9"]
[EventCountry "ESP"]

1. e4 d6 2. Nf3 Nf6 3. Nc3 e5 4. d4 Nbd7 5. Bc4 Be7 6. Ng5 O-O 7. O-O c6 8. a4
a5 9. Kh1 h6 10. Nf3 Re8 11. Bd3 Bf8 12. Be3 Ng4 13. Ne2 exd4 14. Bxd4 Nde5 15.
Nxe5 dxe5 16. Be3 Qh4 17. h3 Nxe3 0-1

[Event "XXXI Torneo Internacional de A"]
[Site "Las Palmas de Gran Canaria"]
[Date "2010.12.08"]
[Round "9"]
[White "Gonzalez Garcia, Guillermo W"]
[Black "Ramirez Medina, Oscar"]
[Result "1-0"]
[WhiteElo "2218"]
[BlackElo "1940"]
[PlyCount "101"]
[EventDate "2010.12.02"]
[EventRounds "9"]
[EventCountry "ESP"]

1. c4 Nf6 2. Nf3 b6 3. g3 Bb7 4. Bg2 e6 5. Nc3 Be7 6. O-O O-O 7. Re1 d5 8. Ne5
Nbd7 9. d4 Ne4 10. cxd5 Nxc3 11. bxc3 Nxe5 12. dxe5 exd5 13. c4 Bb4 14. Bd2
Bxd2 15. Qxd2 c6 16. cxd5 cxd5 17. Rac1 Qd7 18. Qd4 Rac8 19. e4 Rc5 20. exd5
Rfc8 21. Rxc5 Rxc5 22. Rd1 Ba6 23. d6 Bc4 24. Rc1 Bxa2 25. Rxc5 bxc5 26. Qxc5
Be6 27. h3 g6 28. Kh2 Kg7 29. Qa5 h5 30. Qa6 h4 31. g4 Bxg4 32. hxg4 Qxg4 33.
Qd3 Qf4+ 34. Kh1 Qc1+ 35. Qf1 Qc8 36. Bh3 Qc6+ 37. Bg2 Qd7 38. Qa1 Kh7 39. Qc3
Qf5 40. Bh3 Qxf2 41. d7 Qb6 42. Qc4 Qb7+ 43. Kg1 Qb6+ 44. Kf1 Qb1+ 45. Ke2 Qb2+
46. Kd3 Qa3+ 47. Kd4 Qe7 48. Kd5 Qg5 49. Kd6 Kg7 50. Qc3 Kh7 51. Kc7 1-0

[Event "XXXI Torneo Internacional de A"]
[Site "Las Palmas de Gran Canaria"]
[Date "2010.12.08"]
[Round "9"]
[White "Perez Castellano, Susana"]
[Black "Gutierrez Olivares, Daniel"]
[Result "0-1"]
[WhiteElo "1803"]
[BlackElo "2182"]
[PlyCount "98"]
[EventDate "2010.12.02"]
[EventRounds "9"]
[EventCountry "ESP"]

1. e4 e6 2. d4 d5 3. exd5 exd5 4. Nf3 Nc6 5. h3 Bf5 6. Bf4 Bd6 7. Be3 Nge7 8.
c3 f6 9. Bd3 Qd7 10. Qc2 O-O-O 11. Nbd2 Na5 12. O-O-O Kb8 13. Rhe1 Ka8 14. Re2
Rb8 15. Ne1 b5 16. g4 Bg6 17. Ng2 Nc4 18. Bf4 b4 19. Nxc4 dxc4 20. Bxg6 Nxg6
21. Bxd6 Qxd6 22. Rde1 b3 23. Qe4+ Rb7 24. a3 c6 25. Qe6 Qd5 26. f4 Qf3 27. Qe3
Qd5 28. Qe4 Ne7 29. f5 g5 30. Qe6 Rf8 31. Re4 Qb5 32. Qd6 Qd5 33. Qe6 Qb5 34.
Qd6 Qd5 35. Qe6 Qb5 36. Qd6 Qd5 37. Qe6 Qb5 38. Qd6 Qd5 39. Qe6 Qxe6 40. Rxe6
Rf7 41. Kd2 Rc7 42. R1e4 Nd5 43. Ke2 h5 44. Kf3 hxg4+ 45. hxg4 Rh7 46. Kg3 Rh1
47. Re1 Rch7 48. Rxh1 Rxh1 49. Re2 Rc1 0-1

[Event "XXXI Torneo Internacional de A"]
[Site "Las Palmas de Gran Canaria"]
[Date "2010.12.08"]
[Round "9"]
[White "Alvarado Diaz, Alejandro"]
[Black "Martinez Molina, Jose Juan"]
[Result "1-0"]
[WhiteElo "2109"]
[BlackElo "1798"]
[PlyCount "53"]
[EventDate "2010.12.02"]
[EventRounds "9"]
[EventCountry "ESP"]

1. a3 a5 2. c4 Nf6 3. e3 c5 4. Nc3 Nc6 5. Nf3 e6 6. Be2 Be7 7. O-O O-O 8. Qc2
h6 9. Rd1 d6 10. b3 b6 11. d4 Qc7 12. Nb5 Qb8 13. Bb2 Na7 14. Nc3 Bb7 15. e4
cxd4 16. Nxd4 d5 17. exd5 exd5 18. cxd5 Bc5 19. Bf3 Rd8 20. Nc6 Bxc6 21. dxc6
Qc7 22. Ne4 Nxe4 23. Qxe4 Bd6 24. g3 Rab8 25. Rac1 Re8 26. Qg4 g5 27. h4 1-0

[Event "XXXI Torneo Internacional de A"]
[Site "Las Palmas de Gran Canaria"]
[Date "2010.12.08"]
[Round "9"]
[White "Morales Quintero, Jose Miguel"]
[Black "Marrero Cardenes, Agustin"]
[Result "0-1"]
[WhiteElo "2097"]
[BlackElo "1806"]
[PlyCount "96"]
[EventDate "2010.12.02"]
[EventRounds "9"]
[EventCountry "ESP"]

1. Nf3 Nf6 2. g3 g6 3. Bg2 d5 4. c4 c6 5. O-O Bg7 6. d4 O-O 7. b3 b6 8. Bb2
Nbd7 9. Nbd2 Bb7 10. Qc2 e5 11. dxe5 Ng4 12. Rad1 Ngxe5 13. e4 Nxf3+ 14. Bxf3
d4 15. Bg2 Ne5 16. h3 c5 17. f4 Nd7 18. Nf3 Qc7 19. Ne1 Rae8 20. e5 Bxg2 21.
Qxg2 f5 22. Nd3 Rf7 23. Qd5 Nf8 24. a4 a5 25. Bc1 Ne6 26. Kh2 Kh8 27. Rf2 Rd7
28. Qf3 Qb7 29. g4 Qxf3 30. Rxf3 Rf7 31. Bd2 Bf8 32. Rdf1 Be7 33. Kg3 Kg7 34.
h4 h5 35. gxh5 gxh5 36. Nf2 Kh6 37. Nh3 Rg7+ 38. Ng5 Bd8 39. Kh3 Rd7 40. Rg1
Rg7 41. Rfg3 Ree7 42. R1g2 Re8 43. Nxe6 Rxg3+ 44. Rxg3 Rxe6 45. Rg8 Bc7 46. Rg5
Bd8 47. Rxf5 Be7 48. Rxh5+ Kxh5 0-1

[Event "XXXI Torneo Internacional de A"]
[Site "Las Palmas de Gran Canaria"]
[Date "2010.12.08"]
[Round "9"]
[White "Capote Robayna, Johanna"]
[Black "Navarro Molina, David"]
[Result "0-1"]
[WhiteElo "1757"]
[BlackElo "2051"]
[PlyCount "86"]
[EventDate "2010.12.02"]
[EventRounds "9"]
[EventCountry "ESP"]

1. e4 c5 2. Nf3 e6 3. d4 cxd4 4. Nxd4 Nc6 5. Be3 Qc7 6. Nc3 a6 7. Be2 b5 8. f4
Bb7 9. Bf3 Rc8 10. O-O Bc5 11. e5 Qb6 12. Nce2 Nge7 13. c3 Qa7 14. Kh1 Nxd4 15.
Nxd4 O-O 16. Bxb7 Qxb7 17. Rf3 f6 18. Rh3 Qe4 19. b4 Bxd4 20. Bxd4 Qxf4 21.
exf6 gxf6 22. Bc5 Rxc5 23. bxc5 Nd5 24. Qd3 f5 25. Rf1 Qc7 26. Rg3+ Kh8 27.
Rff3 Nf6 28. Qd4 e5 29. Qh4 f4 30. Qh6 Rf7 31. Rg6 Ng8 32. Qh4 Qxc5 33. Rxa6
Qd5 34. h3 Rg7 35. a4 bxa4 36. Rxa4 Qd1+ 37. Kh2 Qxa4 38. Rf2 Qc6 39. Qh5 Qxc3
40. Re2 d6 41. Qe8 Qg3+ 42. Kh1 f3 43. Rc2 fxg2+ 0-1

[Event "XXXI Torneo Internacional de A"]
[Site "Las Palmas de Gran Canaria"]
[Date "2010.12.08"]
[Round "9"]
[White "Robaina Bordon, Hector"]
[Black "Henriquez Garcia, David"]
[Result "1/2-1/2"]
[WhiteElo "1733"]
[BlackElo "1990"]
[PlyCount "97"]
[EventDate "2010.12.02"]
[EventRounds "9"]
[EventCountry "ESP"]

1. e3 d5 2. d4 Bf5 3. Nf3 e6 4. c4 Nf6 5. Nc3 c6 6. cxd5 exd5 7. Bd3 Bg6 8. Ne5
Bxd3 9. Qxd3 Nbd7 10. f4 Bb4 11. O-O Bxc3 12. bxc3 Ne4 13. Ba3 f6 14. Nf3 Qa5
15. Bb4 Qb5 16. Qc2 a5 17. Ba3 Qc4 18. Rfc1 Kf7 19. Nd2 Nxd2 20. Qxd2 Rhe8 21.
Re1 Re4 22. Bb2 a4 23. Bc1 Qa6 24. Rb1 b5 25. Qe2 Nb6 26. Qh5+ Kg8 27. g4 Qc8
28. Rb2 Qe8 29. Qh3 Rxf4 30. Qg3 Re4 31. Rf2 Qe6 32. Rf5 g6 33. Ref1 gxf5 34.
gxf5+ Kh8 35. fxe6 Rg8 36. Qxg8+ Kxg8 37. Rxf6 Rg4+ 38. Kf2 Rg6 39. Rxg6+ hxg6
40. Ba3 Nc4 41. Bb4 Nd2 42. Kg3 Kg7 43. Kf4 Kf6 44. e7 Kf7 45. h4 Ke8 46. Kg4
Ne4 47. Kf4 Nd2 48. Kg4 Ne4 49. Kf4 1/2-1/2

[Event "XXXI Torneo Internacional de A"]
[Site "Las Palmas de Gran Canaria"]
[Date "2010.12.08"]
[Round "9"]
[White "Aguila Hernandez, Eduardo"]
[Black "Galvan Sarmiento, Jose Luis"]
[Result "0-1"]
[WhiteElo "1682"]
[BlackElo "2006"]
[PlyCount "54"]
[EventDate "2010.12.02"]
[EventRounds "9"]
[EventCountry "ESP"]

1. e4 g6 2. d4 c6 3. Nf3 Bg7 4. Bd3 d5 5. e5 Bg4 6. h3 Bxf3 7. Qxf3 e6 8. O-O
Nd7 9. Qg3 h5 10. Nc3 Nh6 11. b3 a6 12. f4 h4 13. Qf3 c5 14. Re1 cxd4 15. Nxd5
Qa5 16. Bb2 Qxd5 17. Qxd5 exd5 18. e6 Nc5 19. e7 Rc8 20. Re2 Nxd3 21. cxd3 Nf5
22. Ba3 Bf6 23. Rae1 Rc7 24. Kf2 Bxe7 25. Bxe7 Rxe7 26. Rc2 Kd7 27. Rec1 Kd6
0-1